Murder Drones : toutes les paroles ep1 vf (partie 1) - Statistiques

Statistiques générales
  • Ce quiz a été pris 4 fois
  • Le résultat moyen est 428 sur 500
Statistiques - réponses
Réponse % Correct
à
100%
a
100%
ado
100%
ai
100%
as,
100%
as
100%
au
100%
c'
100%
C'
100%
ça
100%
çà.
100%
ça...
100%
ça ?!
100%
ça ?
100%
calme
100%
ce
100%
ce...
100%
Chad,
100%
comme
100%
Comme
100%
d'
100%
"d'
100%
de
100%
De
100%
des
100%
Des
100%
devoir
100%
dit
100%
Drones
100%
du
100%
uzi Du
100%
thad Eh
100%
enfin
100%
Enfin
100%
ESPAAAAACE !
100%
est
100%
EST
100%
et
100%
Et
100%
était
100%
exoplanète
100%
faire
100%
faire !
100%
FAIRE!
100%
Hé,
100%
humains
100%
Il
100%
il
100%
ils
100%
j'
100%
Riley | uzi Je
100%
je
100%
Khan,
100%
l'
100%
L'
100%
la
100%
là !
100%
là ?
100%
le
100%
les
100%
uzi Les
100%
lui
100%
mais
100%
Mais
100%
marchait
100%
marche
100%
marche.
100%
masculine
100%
maths
100%
me
100%
Meurtriers
100%
mort
100%
n'
100%
ne
100%
teacher Non.
100%
non,
100%
note
100%
uzi Nous
100%
nous
100%
uzi Oh,
100%
Oh
100%
thad Oh...
100%
On
100%
on
100%
ou
100%
Ouais,
100%
ouf...
100%
Ouvriers.
100%
parce
100%
pas
100%
pas...
100%
pas ?!
100%
pas ?
100%
Peut-être
100%
PORTES !
100%
portes
100%
problème
100%
qu'
100%
que
100%
qui
100%
Qui
100%
quoi
100%
s'
100%
se
100%
Se
100%
si
100%
sommes
100%
sont
100%
suis
100%
t'
100%
ta
100%
te
100%
TE
100%
Thad,
100%
tocards !
100%
toxicité
100%
tu
100%
tue !
100%
tuée.
100%
tuer
100%
typique
100%
un
100%
Un
100%
une
100%
teacher Uzi,
100%
uzi,
100%
va
100%
uzi VA
100%
y
100%
absurde
67%
achat
67%
adore
67%
afin
67%
aidant
67%
ailleurs,
67%
aimé
67%
aime
67%
ait
67%
alors
67%
thad Alors,
67%
amplifié
67%
années,
67%
assez
67%
attend,
67%
attendait
67%
autonomes
67%
autre
67%
avaient
67%
avenir
67%
avions
67%
badass !
67%
bandages
67%
base.
67%
besoin
67%
bien
67%
bien,
67%
BIEN !
67%
bras.
67%
bref,
67%
cacher
67%
cadavres ?!
67%
carrière,
67%
censé
67%
Cependant...
67%
ces
67%
cette
67%
chelou,
67%
chercher !
67%
choix
67%
CLAIR ?!
67%
comment
67%
commentaires
67%
compagnie
67%
compte
67%
concept
67%
connais
67%
construisent
67%
convergeur
67%
cool !
67%
couleur ?
67%
DANS
67%
dans
67%
débrouillés
67%
décidé
67%
depuis
67%
dernière
67%
derrière
67%
deux
67%
dirais
67%
disparu,
67%
dont
67%
effrayant,
67%
émotionnels
67%
ENCORE !
67%
encore !
67%
est-ce
67%
être
67%
êtres
67%
euh...
67%
euh
67%
euh.
67%
eux-mêmes.
67%
évite
67%
Excès
67%
exploitation
67%
exploser
67%
fabrique
67%
facile
67%
familiaux,
67%
faufiler
67%
fille
67%
finale.
67%
fonctionne
67%
fous
67%
FOUTUES
67%
gagner
67%
gênant
67%
genre.
67%
glace
67%
gosh,
67%
lizzy Ho,
67%
IAs
67%
incomprise
67%
indépendance.
67%
Indépendantes".
67%
interstellaire
67%
jamais
67%
JC
67%
JENSON :
67%
joli
67%
justement,
67%
littéralement
67%
machines
67%
magnétiquement
67%
mon
67%
monde
67%
monde !
67%
montagne
67%
my
67%
nom
67%
nom ?
67%
nos
67%
notre
67%
Notre
67%
ont
67%
ouah,
67%
parents
67%
parle
67%
parler
67%
partie
67%
passe
67%
pastèques.
67%
père !
67%
père
67%
photon
67%
pièce
67%
plus,
67%
uzi Plus
67%
plutôt
67%
points
67%
posera
67%
possible
67%
potentiellement
67%
pour
67%
pourquoi
67%
prendre
67%
problèmes
67%
problèmes.
67%
projet
67%
Railgun
67%
uzi RAILGUN
67%
récupérer
67%
refoulés
67%
regarde
67%
repaire
67%
respect
67%
révoltés
67%
risque
67%
robots
67%
sait
67%
sauver
67%
science-fiction
67%
soir
67%
sous
67%
super
67%
SUPER
67%
superbe
67%
superbes
67%
sur
67%
surtout
67%
tendait
67%
tendrement
67%
terrifiant
67%
Testostérone ?
67%
thad Toi
67%
toi,
67%
ton
67%
tous
67%
tout
67%
toutes
67%
très
67%
TROIS
67%
Trop
67%
truc
67%
utilisés
67%
vais
67%
valaient
67%
viennent
67%
visage.
67%
vivants
67%
vrai
67%
vraiment
67%
Windex,
67%
thad Excuse-moi,
33%
pensais
33%
traumatisant ?
33%
Aucun quiz correspondant
Distribution des résultats
% des personnes avec chaque résultat
Percentile par nombre de réponses
Votre historique - résultats
Vous n’avez pas pris ce quiz